000 00795nam a2200181Ia 4500
008 100921s9999 xx 000 0 und d
082 _b23066
_a800 थ 84
100 _aनायर परमेश्वरन्र,अनु,कुलकर्णी गो.म.
245 _aमल्याळम साहित्याचा इतिहास.
260 _bसाहित्य अकादमी,नवी दिल्ली.
_c1984
300 _a288
_bसाहित्य अकादमी,दिल्ली
365 _b35
520 _aललित.
630 _aमल्याळम साहित्याचा इतिहास.
650 _aललित.
730 _aमल्याळम साहित्याचा इतिहास.
942 _cBOOK
999 _c772179
_d772176